Oceanic mythology: (Record no. 128824)
[ view plain ]
| 000 -LEADER | |
|---|---|
| fixed length control field | 00785nam a2200253 4500 |
| 001 - CONTROL NUMBER | |
| control field | 2650895 |
| 003 - CONTROL NUMBER IDENTIFIER | |
| control field | ARRUPE |
| 005 - DATE AND TIME OF LATEST TRANSACTION | |
| control field | 20190125102002.0 |
| 008 - FIXED-LENGTH DATA ELEMENTS--GENERAL INFORMATION | |
| fixed length control field | 680301s1967 enkab b 000 0 eng |
| 010 ## - LIBRARY OF CONGRESS CONTROL NUMBER | |
| LC control number | 68076167 |
| 015 ## - NATIONAL BIBLIOGRAPHY NUMBER | |
| National bibliography number | B67-25111 |
| 040 ## - CATALOGING SOURCE | |
| Original cataloging agency | DLC |
| Transcribing agency | DLC |
| Modifying agency | DLC |
| 050 00 - LIBRARY OF CONGRESS CALL NUMBER | |
| Classification number | SPC. BL2600 |
| Item number | .P6 |
| 082 00 - DEWEY DECIMAL CLASSIFICATION NUMBER | |
| Classification number | 299/.9 |
| 300 ## - PHYSICAL DESCRIPTION | |
| Other physical details | col. front., illus. (some col.), map. |
| Dimensions | 28 1/2 cm. |
| 100 1# - MAIN ENTRY--PERSONAL NAME | |
| Personal name | Poignant, Roslyn. |
| 9 (RLIN) | 44180 |
| 245 10 - TITLE STATEMENT | |
| Title | Oceanic mythology: |
| Remainder of title | the myths of Polynesia, Micronesia, Melanesia, Australia. |
| Statement of responsibility, etc | Roslyn Poignant |
| 260 ## - PUBLICATION, DISTRIBUTION, ETC. (IMPRINT) | |
| Place of publication, distribution, etc | London, |
| Name of publisher, distributor, etc | Hamlyn |
| Date of publication, distribution, etc | [1967] |
| 300 ## - PHYSICAL DESCRIPTION | |
| Extent | 5-141 p. |
| 350 ## - PRICE (NR) (BK AM CF MU VM SE) [OBSOLETE] | |
| Price | 15/- |
| 500 ## - GENERAL NOTE | |
| General note | Illus. on endpapers. |
| 504 ## - BIBLIOGRAPHY, ETC. NOTE | |
| Bibliography, etc | Bibliography: p. 138. |
| 650 #0 - SUBJECT ADDED ENTRY--TOPICAL TERM | |
| Topical term or geographic name as entry element | Mythology, Oceanian. |
| 9 (RLIN) | 44181 |
| 906 ## - LOCAL DATA ELEMENT F, LDF (RLIN) | |
| a | 7 |
| b | cbc |
| c | orignew |
| d | u |
| e | ncip |
| f | 19 |
| g | y-gencatlg |
| 942 ## - ADDED ENTRY ELEMENTS (KOHA) | |
| Source of classification or shelving scheme | Library of Congress Classification |
| Koha item type | SPC |
| Withdrawn status | Lost status | Source of classification or shelving scheme | Damaged status | Not for loan | Collection code | Home library | Current library | Shelving location | Date acquired | Total Checkouts | Full call number | Barcode | Date last seen | Price effective from | Koha item type |
|---|---|---|---|---|---|---|---|---|---|---|---|---|---|---|---|
| Library of Congress Classification | SPECIAL Collection | ARRUPE LIBRARY | ARRUPE LIBRARY | REFERENCE | 25/01/2019 | SPC. BL2600 .P6 | 46600003436 | 25/01/2019 | 25/01/2019 | SPC |